Nacho : lectura curso segundo

Gespeichert in:
Bibliographische Detailangaben
1. Verfasser: Paláu, Antonio
Weitere Verfasser: Casado, Amós
Format: Buch
Sprache:Spanisch
Erschienen: Madrid : 1972
Ausgabe:6ª ed.
Katalog:BNM:  Suchergebnis im Bibliothekskatalog
Schulbuchspezifische Eigenschaften:
Schriftenreihe:Magisterio básica
Schlagworte:
Tags: Tag hinzufügen
Keine Tags, Fügen Sie den ersten Tag hinzu!
Hinzugefügt zu:03.04.1997
Geändert in:20.02.2022

MARC

LEADER 00000cam a22000004a 4500
003 AR-BaBNM
005 20220220073622.0
007 ta
008 970404s1972 sp ||||b |||||||||||spa|d
035 |a 000034577 
040 |a AR-BaBNM  |b spa  |e aacr 
080 |a 372.4 
100 1 |a Paláu, Antonio 
245 1 0 |a Nacho :  |b lectura curso segundo /  |c Antonio Paláu, Amós Casado 
250 |a 6ª ed. 
260 |a Madrid :  |b Magisterio Español,  |c 1972 
300 |a 94 p. :  |b il. 
490 0 |a Magisterio básica 
500 |a La presente obra pertenece al segundo curso de lectura de la E.G.B. española 
650 4 |a Enseñanza de la lectura  |9 7753  |a Actividades de aprendizaje  |9 6429  |a Educación primaria  |9 7632 
655 4 |a Libros de lectura 
700 1 |a Casado, Amós 
942 |2 udc  |c LIBRO 
999 |c 69021  |d 69021 
999 |c KOHA-OAI-TEST:69021  |d 69021